Hebatnya si kaki kidal

Bibliographic Details
Main Author: Ellyeen Rafaeil (Author)
Other Authors: Afif Naim (Illustrator), Aqil Najwan (Illustrator)
Format: Book
Published: Johor,Malaysia : Sinaran Ilmu Learning & Consultancy PLT 2024
Subjects:

MARC

LEADER 00000cam a2200000 7i4500
001 0000094684
005 20250115153233.0
020 |a 9789672785507 (  |q paperback) 
040 |e rda 
041 |a Malay 
090 0 0 |a JP   |b MAL 
100 0 |a Ellyeen Rafaeil ,   |e (author) 
245 1 0 |a Hebatnya si kaki kidal   |c Ellyeen Rafaeil 
264 1 |a Johor,Malaysia :   |b Sinaran Ilmu Learning & Consultancy PLT   |c 2024 
300 |a 19 pages :   |b colour illustrations ;   |c 20 cm. 
336 |a text  |2 rdacontent 
337 |a unmediated  |2 rdamedia 
338 |a volume  |2 rdacarrier 
500 |a Children age 4-6 years old (yellow) 
541 |c Purchased on 2024   |f Inv23/PPAJ-1 SIL   |h RM15.00 
650 0 |a Children's reading   |x Malay 
650 0 |a Children's stories,Malay 
700 0 |a Afif Naim ,   |e (illustrator) 
700 0 |a Aqil Najwan ,   |e (illustrator) 
730 0 |a Title 
999 |a 0001790915   |b Book   |c Children Collection   |e Desa - PPAJ 
999 |a 0001790916   |b Book   |c Children Collection   |e Desa - PPAJ 
999 |a 0001790917   |b Book   |c Children Collection   |e Desa - PPAJ 
999 |a 0001790918   |b Book   |c Children Collection   |e Desa - PPAJ 
999 |a 0001790919   |b Book   |c Children Collection   |e Desa - PPAJ 
999 |a 0001790920   |b Book   |c Children Collection   |e Desa - PPAJ 
999 |a 0001790921   |b Book   |c Children Collection   |e Desa - PPAJ 
999 |a 0001790922   |b Book   |c Children Collection   |e Desa - PPAJ 
999 |a 0001790923   |b Book   |c Children Collection   |e Desa - PPAJ 
999 |a 0001790924   |b Book   |c Children Collection   |e Desa - PPAJ 
999 |a 0001790925   |b Book   |c Children Collection   |e Desa - PPAJ 
999 |a 0001790926   |b Book   |c Children Collection   |e Desa - PPAJ 
999 |a 0001790927   |b Book   |c Children Collection   |e Desa - PPAJ 
999 |a 0001790928   |b Book   |c Children Collection   |e Desa - PPAJ 
999 |a 0001790929   |b Book   |c Children Collection   |e Desa - PPAJ 
999 |a 0001790930   |b Book   |c Children Collection   |e Desa - PPAJ 
999 |a 0001790931   |b Book   |c Children Collection   |e Desa - PPAJ 
999 |a 0001790932   |b Book   |c Children Collection   |e Desa - PPAJ 
999 |a 0001790933   |b Book   |c Children Collection   |e Desa - PPAJ 
999 |a 0001790934   |b Book   |c Children Collection   |e Desa - PPAJ 
999 |a 0001790935   |b Book   |c Children Collection   |e Desa - PPAJ 
999 |a 0001790936   |b Book   |c Children Collection   |e Desa - PPAJ 
999 |a 0001790937   |b Book   |c Children Collection   |e Desa - PPAJ 
999 |a 0001790938   |b Book   |c Children Collection   |e Desa - PPAJ 
999 |a 0001790939   |b Book   |c Children Collection   |e Desa - PPAJ 
999 |a 0001790940   |b Book   |c Children Collection   |e Desa - PPAJ 
999 |a 0001790941   |b Book   |c Children Collection   |e Desa - PPAJ 
999 |a 0001790942   |b Book   |c Children Collection   |e Desa - PPAJ 
999 |a 0001790943   |b Book   |c Children Collection   |e Desa - PPAJ 
999 |a 0001790944   |b Book   |c Children Collection   |e Desa - PPAJ 
999 |a 0001790945   |b Book   |c Children Collection   |e Desa - PPAJ 
999 |a 0001790946   |b Book   |c Children Collection   |e Desa - PPAJ 
999 |a 0001790947   |b Book   |c Children Collection   |e Desa - PPAJ 
999 |a 0001790948   |b Book   |c Children Collection   |e Desa - PPAJ 
999 |a 0001790949   |b Book   |c Children Collection   |e Desa - PPAJ 
999 |a 0001790950   |b Book   |c Children Collection   |e Desa - PPAJ 
999 |a 0001790951   |b Book   |c Children Collection   |e Desa - PPAJ 
999 |a 0001790952   |b Book   |c Children Collection   |e Desa - PPAJ 
999 |a 0001790953   |b Book   |c Children Collection   |e Desa - PPAJ 
999 |a 0001790954   |b Book   |c Children Collection   |e Desa - PPAJ 
999 |a 0001790955   |b Book   |c Children Collection   |e Desa - PPAJ 
999 |a 0001791314   |b Book   |c Children Collection   |e Perbadanan Perpustakaan Awam Johor 
999 |a 0001791315   |b Book   |c Children Collection   |e Perbadanan Perpustakaan Awam Johor 
999 |a 0001791316   |b Book   |c Children Collection   |e Cawangan AEON Kulaijaya 
999 |a 0001791317   |b Book   |c Children Collection   |e Cawangan Kota Tinggi 
999 |a 0001791318   |b Book   |c Children Collection   |e Cawangan Segamat 
999 |a 0001791319   |b Book   |c Children Collection   |e Cawangan Muar 
999 |a 0001791320   |b Book   |c Children Collection   |e Cawangan Tmn. Ungku Tun Aminah 
999 |a 0001791321   |b Book   |c Children Collection   |e Perbadanan Perpustakaan Awam Johor 
999 |a 0001791322   |b Book   |c Children Collection   |e Cawangan Taman Sri Lambak 
999 |a 0001791323   |b Book   |c Children Collection   |e Cawangan Bandar Penawar 
999 |a 0001791324   |b Book   |c Children Collection   |e Cawangan Tangkak 
999 |a 0001791325   |b Book   |c Children Collection   |e Cawangan Mersing 
999 |a 0001791326   |b Book   |c Children Collection   |e Cawangan Bukit Gambir 
999 |a 0001791327   |b Book   |c Children Collection   |e Cawangan Pontian 
999 |a 0001791328   |b Book   |c Children Collection   |e Cawangan Bandar Tenggara 
999 |a 0001791329   |b Book   |c Children Collection   |e Cawangan Batu Pahat 
999 |a 0001791330   |b Book   |c Children Collection   |e Cawangan Taman Universiti